000 00618nam a2200241Ia 4500
003 OSt
005 20221005122652.0
006 a|||||r|||| 00| 0
007 ta
008 221004b |||||||| |||| 00| 0 san d
024 _a60122
037 _cTextual
040 _aCRL
_cCRL
_bsan
041 _2san
_asan
082 _aO15,1D40,2, 33J6
100 _aKalidas Au.
_9182767
245 0 _aKannad kumarsambhava
260 _c1956
650 _a SANSKRIT POETRY
_9155567
650 _aSANSKRIT LITERATURE
942 _hO15,1D40,2, 33J6
_cTEXL
_2cc
999 _c1045024
_d1045024